[Event "WJCC U20 Open 2019"]
[Site "New Delhi"]
[Date "2019.10.16"]
[Round "2.11"]
[White "Iniyan, P."]
[Black "Sankalp Gupta"]
[Result "1/2-1/2"]
[WhiteElo "2509"]
[BlackElo "2369"]
[Annotator "ChessBase"]
[PlyCount "93"]
[EventDate "2019.10.15"]
[EventType "swiss"]
[EventCountry "IND"]
[SourceTitle "playchess.com"]
[Source "ChessBase"]
[SourceQuality "1"]
[TimeControl "40/5400+30:1800+30"]

1. e4 e6 2. d4 d5 3. Nc3 Bb4 4. e5 c5 5. a3 Bxc3+ 6. bxc3 Qa5 7. Bd2 Qa4 8. Qb1 c4 9. g3 Nc6 10. Bg2 b6 11. h4 Bd7 12. Nh3 Nge7 13. h5 h6 14. Nf4 O-O-O 15. Bh3 Rde8 16. O-O Nd8 17. Ra2 g5 18. hxg6 fxg6 19. Qb4 Qc6 20. a4 h5 21. Bg2 g5 22. Nh3 g4 23. Nf4 h4 24. gxh4 Rxh4 25. a5 b5 26. a6 Nf7 27. Ne2 Ng6 28. f3 gxf3 29. Rxf3 Rh7 30. Rg3 Nh4 31. Nf4 Nh6 32. Bh1 N4f5 33. Rg6 Ne7 34. Rg5 Nhf5 35. Ra1 Qb6 36. Qa5 Qxa5 37. Rxa5 b4 38. Bf3 Reh8 39. Nh5 bxc3 40. Bxc3 Nc6 41. Rc5 Kd8 42. Rxf5 exf5 43. Rxd5 Rxh5 44. Bxh5 Rxh5 45. e6 Rh7 46. exd7 Rxd7 47. Rxf5 1/2-1/2

[Event "WJCC U20 Open 2019"]
[Site "New Delhi"]
[Date "2019.10.16"]
[Round "2.12"]
[White "Zlatin, Alexander"]
[Black "Khanin, Semen"]
[Result "0-1"]
[WhiteElo "2263"]
[BlackElo "2507"]
[Annotator "TA"]
[PlyCount "90"]
[EventDate "2019.10.15"]
[EventType "swiss"]
[EventCountry "IND"]
[SourceTitle "playchess.com"]
[Source "ChessBase"]
[SourceQuality "1"]

{[%evp 17,90,46,52,36,57,47,40,36,48,46,51,26,56,51,76,-10,0,-12,-8,-2,0,-81,-79,-123,-114,-110,-93,-83,-99,-104,-92,-98,-88,-113,-109,-108,-100,-303,-319,-312,-315,-394,-406,-470,-421,-537,-529,-501,-424,-587,-486,-593,-604,-604,-546,-832,-818,-903,-654,-670,-641,-967,-814,-996,-1111,-1801,-1086,-1237,-1222,-1204,-1166,-1081,-1075,-29994,-29995]} 1. e4 c5 2. Nf3 Nc6 3. d4 cxd4 4. Nxd4 g6 5. c4 Bg7 6. Be3 Nf6 7. Nc3 O-O 8. Be2 d6 9. O-O Bd7 10. Nxc6 {B38: Sicilian: Maroczy Bind with 5...Bg7 and 7...0-0} (10. Nc2 Be6 11. Rc1 Nd7 12. Qd2 a5 13. f3 a4 14. Na3 Qa5 15. f4 Nc5 16. Bf3 Nb4 17. Be2 Nxa2 18. Nxa2 Qxd2 19. Bxd2 {0-1 (66) So,W (2765)-Iturrizaga Bonelli,E (2637) chess.com INT 2019}) 10... Bxc6 11. Qc2 Nd7 12. f3 $146 {White is slightly better.} ({Predecessor:} 12. b4 b6 13. Rad1 a5 14. a3 axb4 15. axb4 {½-½ (34) Nowicki,A (1860)-Arnold,L (1829) IECC email 1999}) 12... Rc8 13. Rac1 ({Avoid the trap} 13. Bxa7 $2 b6 $19) 13... Qa5 14. a3 a6 15. Qd2 f5 16. b4 ({White should try} 16. exf5 $16 Qxf5 17. b4) 16... Qxa3 $11 17. Nb1 Qb3 18. exf5 gxf5 ({But not} 18... Rxf5 $2 {[#]} 19. b5 $1 $18 {[%mdl 512]}) 19. Rf2 (19. Rfe1 $11 {remains equal.}) 19... Qb2 $17 20. Bf1 Qxd2 21. Rxd2 f4 22. Bf2 Ne5 23. Be2 b5 24. c5 d5 25. Ra2 Bb7 26. Nc3 Rfd8 27. Nxb5 $2 {[#]} (27. Rd1 $17) 27... axb5 $19 28. Bxb5 d4 29. Ra7 Bc6 30. Ba6 Rb8 31. Rxe7 Rxb4 {aiming for ...d3.} 32. Bh4 {Black should prevent Rxg7+!} Rd7 33. Re6 Kf7 34. Rd6 Rxd6 35. cxd6 Ke6 36. Be7 d3 37. Rd1 Rd4 38. Kf2 Bf6 39. Bf8 Bd8 40. Rb1 d2 41. Be2 Ba4 42. g3 fxg3+ 43. hxg3 d1=Q 44. Bxd1 Bxd1 45. Rb7 Rd2+ 0-1

[Event "WJCC U20 Open 2019"]
[Site "New Delhi"]
[Date "2019.10.16"]
[Round "2.13"]
[White "Drygalov, Sergey"]
[Black "Milikow, Yoav"]
[Result "1-0"]
[WhiteElo "2470"]
[BlackElo "2199"]
[Annotator "TA"]
[PlyCount "169"]
[EventDate "2019.10.15"]
[EventType "swiss"]
[EventCountry "IND"]
[SourceTitle "playchess.com"]
[Source "ChessBase"]
[SourceQuality "1"]

{[%evp 19,267,18,25,15,20,0,0,-18,35,44,52,45,53,39,110,119,97,74,85,65,68,65,72,61,88,51,67,55,66,33,61,31,24,20,114,116,114,108,115,105,116,35,58,50,70,35,84,82,71,59,95,95,95,95,94,94,127,120,197,166,154,156,130,79,168,171,231,230,224,164,194,194,175,154,154,68,68,67,67,62,52,32,32,32,32,32,32,32,32,0,32,32,32,32,39,32,32,31,31,31,31,31,31,0,31,0,31,31,31,31,31,31,32,31,31,0,32,32,32,31,32,31,32,0,31,31,32,31,32,31,31,31,32,0,31,31,31,31,32,32,67,32,87,87,114,114,137,137,152,87,92,0,152,150,197,197,191,110,111,111,115,106,334,334,372,352,348,349,387,387,387,387,385,385,379,379,365,345,352,281,387,387,375,339,481,387,385,379,379,301,1555,388,370,0,385,376,367,366,337,328,883,781,706,690,2841,893,1583,1592,1452,1610,804,1503,1277,423,1738,1699,2644,1426,998,0,1077,866,1842,1357,12332,881,11966,10339,12718,12678,12775,12721,12385,12347,11025,10764,9419,7258,5326,5326,7683,6677,6117,6117,5583,4916,4586,1031,29989,29990]} 1. d4 Nf6 2. c4 g6 3. Nc3 d5 4. cxd5 Nxd5 5. e4 Nxc3 6. bxc3 Bg7 7. Nf3 c5 8. Be3 Qa5 9. Qd2 O-O 10. Rc1 Nd7 11. d5 {D85: Exchange Grünfeld: Unusual White 7th moves and lines with 7 Nf3} (11. Bd3 e5 12. d5 f5 13. Qc2 f4 14. Bd2 b5 15. c4 b4 16. O-O Qc7 17. a3 a5 18. axb4 axb4 {0-1 (93) Nakamura,H (2754)-Nepomniachtchi,I (2775) Paris 2019}) 11... Nf6 12. e5 Nd7 13. Bf4 $146 {The position is equal.} ({Predecessor:} 13. Bh6 Nxe5 14. Nxe5 Bxe5 15. Bxf8 Kxf8 16. f4 Bf6 17. Be2 Bf5 18. O-O Rd8 {0-1 (38) Bellaiche,A (2485)-Sunilduth Lyna,N (2573) Moscow 2018}) 13... e6 (13... Nb6 $11) 14. dxe6 $1 $14 fxe6 15. Be2 Qc7 16. Qe3 Rxf4 ({Better is} 16... b5 $14) 17. Qxf4 $16 Nxe5 {...Nd3+! is the strong threat.} 18. Nxe5 Bxe5 19. Qh4 Bd7 20. O-O Rf8 21. Rfe1 b5 22. Qh3 c4 23. Rc2 Rf6 {[#]} 24. a4 $1 {[%mdl 512]} Qc5 (24... bxa4 25. Bxc4) 25. Qe3 (25. Bf1 {is more complex.} bxa4 26. Bxc4 Kg7 27. Rce2 Bd6 28. Rd2) 25... Qxe3 26. fxe3 Kf7 (26... bxa4 $11 27. Bxc4 Bc6) 27. axb5 Bxb5 28. Ra1 a6 29. Bf3 Bc7 30. Kf2 (30. Bb7 $1 $16) 30... Ke7 31. Ke2 h5 32. h3 Kd6 33. Bb7 a5 34. Rcc1 Kc5 35. Be4 g5 36. Rf1 Rxf1 37. Rxf1 {[%mdl 4096] Endgame KRB-KB} g4 38. h4 Bd8 (38... Be5 $16) 39. Bg6 Bxh4 40. Bxh5 g3 41. Bg4 (41. Rf8 $142) 41... e5 (41... Bc6 $16 {was worth a try.}) 42. Bf3 $18 Bd7 (42... Bd8 $142 43. Be4 a4) 43. Be4 a4 44. Ra1 Kb6 45. Rb1+ Bb5 46. Rh1 Be7 47. Bb1 (47. Rh3 $16) 47... Bc6 $1 $14 48. Rh3 Bxg2 49. Rxg3 Bc6 50. Ba2 Kc5 51. Rg8 a3 52. Rc8 Kb5 53. Rb8+ Kc5 54. Rc8 Kb5 55. Kd2 Bc5 56. Rh8 Bd5 57. Rh4 e4 58. Rh8 Kc6 59. Rc8+ Kb6 60. Rd8 Kc6 61. Rc8+ Kb6 62. Rh8 Kc6 63. Bb1 Kd6 64. Rh6+ Kc7 65. Rh5 Kc6 66. Rh3 Kb6 67. Rh6+ Kb5 68. Rg6 Bb6 69. Rg3 Bc5 70. Kc1 Kc6 71. Rg6+ Kc7 72. Kd2 Kb7 73. Ba2 Bf8 74. Rg1 Bc5 75. Bb1 Kc6 76. Rg6+ Kc7 77. Bc2 Bc6 78. Rh6 Bd5 79. Ba4 Bd6 80. Rh5 Be6 (80... Bc5 $14) 81. Bc2 $16 Bg4 82. Rh7+ Bd7 83. Kc1 {Threatens to win with Ba4.} (83. Bxe4 a2 $17) 83... Kc8 84. Rh8+ (84. Rh4 $142) 84... Kc7 85. Rh4 {Played: Rh8-h7} 1-0

[Event "WJCC U20 Open 2019"]
[Site "New Delhi"]
[Date "2019.10.16"]
[Round "2.14"]
[White "Haria, Ravi"]
[Black "De Silva, L M S T"]
[Result "1-0"]
[WhiteElo "2463"]
[BlackElo "1879"]
[Annotator "ChessBase"]
[PlyCount "95"]
[EventDate "2019.10.15"]
[EventType "swiss"]
[EventCountry "IND"]
[SourceTitle "playchess.com"]
[Source "ChessBase"]
[SourceQuality "1"]
[TimeControl "40/5400+30:1800+30"]

1. e4 {[%emt 0:00:00]} e5 {[%emt 0:00:00]} 2. Nf3 {[%emt 0:00:00]} Nc6 {[%emt 0:00:00]} 3. Bb5 {[%emt 0:00:00]} a6 {[%emt 0:00:07]} 4. Ba4 {[%emt 0:00:00]} Nf6 {[%emt 0:00:12]} 5. O-O {[%emt 0:00:41]} Be7 {[%emt 0:00:15]} 6. d3 {[%emt 0:00:19]} b5 {[%emt 0:00:07]} 7. Bb3 {[%emt 0:00:05]} d6 {[%emt 0:00:36]} 8. Bd2 {[%emt 0:01:01]} O-O {[%emt 0:00:42]} 9. h3 {[%emt 0:01:13]} Bb7 {[%emt 0:03:17]} 10. a3 {[%emt 0:05:27]} Nb8 {[%emt 0:02:23]} 11. Nc3 {[%emt 0:10:31]} c5 {[%emt 0:01:21]} 12. Bg5 {[%emt 0:16:32]} Nbd7 {[%emt 0:00:30]} 13. Nh2 {[%emt 0:17:51]} b4 {[%emt 0:17:48]} 14. axb4 {[%emt 0:05:46]} cxb4 {[%emt 0:00:19]} 15. Na4 {[%emt 0:00:35]} d5 {[%emt 0:06:44]} 16. exd5 {[%emt 0:13:59]} Nxd5 {[%emt 0:01:49]} 17. Bd2 {[%emt 0:02:28]} Kh8 {[%emt 0:12:13]} 18. Qf3 {[%emt 0:02:45]} N7f6 {[%emt 0:02:28]} 19. Qe2 {[%emt 0:05:37]} Bd6 {[%emt 0:04:16]} 20. Nf3 {[%emt 0:00:52]} Qc7 {[%emt 0:04:17]} 21. Rfe1 {[%emt 0:00:42]} Rae8 {[%emt 0:01:39]} 22. Ng5 {[%emt 0:01:02]} h6 {[%emt 0:05:28]} 23. Ne4 {[%emt 0:00:13]} Nf4 {[%emt 0:01:39]} 24. Qf1 {[%emt 0:04:38]} Nh7 {[%emt 0:10:01]} 25. f3 {[%emt 0:04:15]} Be7 {[%emt 0:09:32]} 26. Qf2 {[%emt 0:00:40]} Qd8 {[%emt 0:07:53]} 27. Qb6 {[%emt 0:02:34]} Qc8 {[%emt 0:05:02]} 28. Bxf4 {[%emt 0:02:09]} exf4 {[%emt 0:00:27]} 29. Nd6 {[%emt 0:00:14]} Bxd6 {[%emt 0:00:23]} 30. Qxd6 {[%emt 0:00:05]} Ng5 {[%emt 0:02:09]} 31. Qxf4 {[%emt 0:00:49]} Bxf3 {[%emt 0:01:20]} 32. h4 {[%emt 0:02:07]} Nh3+ {[%emt 0:00:25]} 33. gxh3 {[%emt 0:00:05]} Qxh3 {[%emt 0:00:05]} 34. Qh2 {[%emt 0:00:43]} Qg4+ {[%emt 0:00:24]} 35. Kf2 {[%emt 0:00:53]} Bc6 {[%emt 0:01:05]} 36. Qg3 {[%emt 0:00:32]} Qd4+ {[%emt 0:00:09]} 37. Kf1 {[%emt 0:00:28]} f5 {[%emt 0:00:53]} 38. Rxe8 {[%emt 0:00:29]} Rxe8 {[%emt 0:00:19]} 39. Re1 {[%emt 0:00:13]} Rf8 {[%emt 0:00:39]} 40. Re6 {[%emt 0:00:52]} f4 {[%emt 0:00:33]} 41. Qf2 {[%emt 0:01:30]} Qd7 {[%emt 0:00:39]} 42. Nc5 {[%emt 0:07:03]} Qc8 {[%emt 0:01:16]} 43. Qd4 {[%emt 0:02:57]} Kh7 {[%emt 0:01:00]} 44. Kf2 {[%emt 0:06:04]} Rd8 {[%emt 0:02:01]} 45. Rxc6 {[%emt 0:02:35]} Qxc6 {[%emt 0:00:47]} 46. Qxd8 {[%emt 0:00:07]} Qxc5+ {[%emt 0:00:04]} 47. d4 {[%emt 0:00:12]} Qf5 {[%emt 0:01:25]} 48. h5 {[%emt 0:00:24]} 1-0

[Event "WJCC U20 Open 2019"]
[Site "New Delhi"]
[Date "2019.10.16"]
[Round "2.15"]
[White "Aaryan Varshney"]
[Black "Rahul Srivatshav P"]
[Result "1-0"]
[WhiteElo "2239"]
[BlackElo "2460"]
[Annotator "TA"]
[PlyCount "120"]
[EventDate "2019.10.15"]
[EventType "swiss"]
[EventCountry "IND"]
[SourceTitle "playchess.com"]
[Source "ChessBase"]
[SourceQuality "1"]

{[%evp 17,120,41,47,-22,-12,-56,-39,-51,-15,-18,0,0,20,-120,-131,-123,-102,-133,-127,-212,-195,-211,-205,-207,-214,-281,-283,-260,-267,-273,-279,-254,-205,-188,-167,-248,-208,-208,-194,-230,-177,-183,-153,-193,-149,-214,-209,-257,-221,-271,-196,-236,-185,-199,-172,-214,-145,-152,-133,-143,-149,-259,-253,-328,-318,-302,-327,-314,-313,-256,-79,-76,-93,-127,-145,-156,-45,-43,-49,-45,-44,-56,0,-30,0,-53,-32,-32,-32,-28,-28,-32,0,0,0,0,717,705,1833,1875,29994,77,29995,29996,29996]} 1. d4 d6 2. Nf3 Nf6 3. c4 g6 4. Nc3 Bf5 5. g3 Bg7 6. Bg2 Nc6 7. O-O O-O 8. d5 Na5 9. Nd2 c6 10. dxc6 {E62: King's Indian: Fianchetto: 6...c6 and Panno Variation (6...Nc6) without ...a6} ({White should try} 10. b4 $1 $14) (10. b4 Nxc4 11. Nxc4 Nxd5 12. Nxd5 Bxa1 13. Bh6 Bg7 14. Bxg7 Kxg7 15. Nde3 Be6 16. Qd2 d5 17. Na5 Bc8 {1-0 (57) Donchenko,A (2604)-Fressinet,L (2655) chess.com INT 2019}) 10... Nxc6 $11 11. e4 $146 ({Predecessor:} 11. Nb3 Qd7 12. c5 Bh3 13. cxd6 exd6 14. Bg5 Bxg2 15. Kxg2 Ne7 16. Rc1 b6 17. Bxf6 Bxf6 {0-1 (50) Plat,V (2470)-Kislinsky,A (2504) Brno 2013}) 11... Bg4 12. f3 {Black is slightly better.} Bd7 13. Nb3 Be6 14. Nd5 Ne5 {[%cal Bc6e5,Be5d7,Bd7b6][%mdl 32]} 15. c5 (15. Nd4 $11) 15... Bxd5 $17 16. exd5 dxc5 17. f4 Ned7 18. Re1 (18. Bd2 $17) 18... c4 $19 19. Nd2 Nb6 20. Qe2 Rc8 (20... Nfxd5 21. Nxc4 Nxc4 22. Qxc4) 21. Qxe7 Nfxd5 22. Qxd8 Rfxd8 ({Resist} 22... Rcxd8 23. Rb1 $17) 23. Nf3 Nb4 {Hoping for ...Nc2.} 24. Rf1 Nd3 25. Ne5 Rc7 26. Rb1 (26. Rd1 {was worth a try.}) 26... Nxe5 ({Don't play} 26... Bxe5 27. fxe5 Re8 28. Bf4) 27. fxe5 Bxe5 28. Bg5 Bd4+ 29. Kh1 Re8 30. Bf4 Rce7 31. b3 (31. Bf3 $17) 31... c3 32. Rbc1 Kg7 33. h4 a5 34. Bf3 h6 35. Rfd1 Bf6 36. Bd6 Re6 37. Bc5 Na8 38. Kg2 Nc7 39. Rd7 (39. Bd4 $17) 39... Na6 40. Bd4 Bxd4 41. Rxd4 Re3 42. Rc4 Nb4 43. R1xc3 {[#]} Nxa2 $2 (43... Nd3 $1 $19 {has better winning chances.} 44. a4 R8e5) 44. Rxe3 $17 Rxe3 $19 {[%mdl 4096] Endgame KRB-KRN} 45. Rc7 b5 46. Ra7 Rxb3 (46... Nb4 $17 47. Rxa5 Nc2) 47. Bd5 $1 $15 {[%cal Rd5b3]} Rb2+ 48. Kf3 Kf6 {And now ...Nb4 would win.} 49. Ra6+ Kg7 50. Ra7 $1 Kf6 {Strongly threatening ...Nb4.} 51. Ra6+ Ke7 {...Nb4 is the strong threat.} 52. Rxa5 Nc3 53. Ra7+ Kf6 54. Bxf7 Ne2 55. Bg8 Ng1+ 56. Ke4 {Threatens to win with Rf7+.} Rb4+ $2 {[%mdl 8192]} (56... g5 $11) 57. Kd5 $18 {[%csl Gg8][%cal Ra7f7]} g5 {[#]} 58. h5 $1 {[%csl Gg8][%cal Ra7f7]} g4 59. Rf7+ Kg5 60. Bh7 {[%csl Gh7][%cal Rf7f5]} Rd4+ {Accuracy: White = 53%, Black = 57%.} 1-0

[Event "WJCC U20 Open 2019"]
[Site "New Delhi"]
[Date "2019.10.16"]
[Round "2.16"]
[White "Winkelman, Albert"]
[Black "Tabatabaei, M.amin"]
[Result "1/2-1/2"]
[WhiteElo "2143"]
[BlackElo "2642"]
[Annotator "TA"]
[PlyCount "87"]
[EventDate "2019.10.15"]
[EventType "swiss"]
[EventCountry "IND"]
[SourceTitle "playchess.com"]
[Source "ChessBase"]
[SourceQuality "1"]

{[%evp 18,87,52,31,45,21,15,2,40,19,56,32,37,38,33,35,38,20,37,14,42,33,27,33,49,39,56,64,39,25,21,41,59,8,7,0,0,0,12,0,7,-57,-53,-52,-65,-34,-30,-43,-37,-170,-165,-149,-110,-114,-69,-72,-68,-74,-57,-58,-57,-71,-8,-8,-8,-7,-8,-8,-8,-8,-8,-8]} 1. e4 c5 2. Nf3 Nc6 3. d4 cxd4 4. Nxd4 Nf6 5. Nc3 d6 6. Bg5 e6 7. Qd2 a6 8. O-O-O Bd7 9. f3 Be7 10. Kb1 Qc7 {B67: Sicilian: Richter-Rauzer: 7...a6 8 0-0-0 Bd7, lines without 9 f4 Be7} (10... O-O 11. Be3 b5 12. g4 Nxd4 13. Bxd4 Bc6 14. g5 Nd7 15. h4 b4 16. Ne2 d5 17. e5 a5 18. f4 Nc5 19. Qe3 Ne4 20. Bh3 Bd7 21. Bg2 {0-1 (35) Ivanchuk,V (2684)-Maghsoodloo,P (2656) Leon 2019}) 11. Nxc6 Bxc6 12. Ne2 b5 13. Nd4 Bd7 14. c3 $146 ({Predecessor:} 14. h4 h6 15. Be3 h5 16. Bg5 Rb8 17. Rc1 Qb6 18. c4 bxc4 19. Bxc4 {0-1 (40) Nowak,L (2110)-Dionisi,T (2393) Warsaw 2014}) 14... Rb8 15. h4 h6 16. Be3 h5 17. Bg5 a5 18. Bd3 Qb6 19. Nc2 Bc6 20. Ne3 Ba8 21. Rhg1 g6 22. g4 hxg4 23. Nxg4 Nxg4 24. Rxg4 b4 25. c4 (25. Be3 $14 Qc7 26. cxb4) 25... Bxg5 26. Rxg5 Rxh4 27. Bc2 {Strongly threatening c5!} Rc8 28. Bb3 Kf8 29. Rb5 (29. c5 $11 Rxc5 30. Rxc5 Qxc5 31. Rc1) 29... Qc7 $15 30. Qxd6+ Qxd6 31. Rxd6 Rh1+ 32. Rd1 Rh3 33. Rf1 {[#]} (33. Bc2 $15) 33... Rxf3 $1 $19 {[%mdl 512]} 34. Re1 (34. Rxf3 Bxe4+) 34... Rf4 35. Bc2 f5 {[%cal Ra8e4]} (35... g5 {is more complex.} 36. Rxg5 Rxc4 37. Rxa5 Bxe4 38. Bxe4 Rcxe4 39. Rxe4 Rxe4 40. Kc2 f5) 36. Rxa5 Bxe4 37. Bxe4 Rxe4 (37... fxe4 {with more complications.} 38. c5 Ke7 39. Rb5 b3 40. axb3 g5) 38. Rxe4 fxe4 $15 {[%mdl 4096] Endgame KR-KR} 39. b3 {[#]} Kf7 ({Black should play} 39... Rd8 $1 $17) 40. Kc2 $1 $11 {The position is equal.} Rd8 {Threatening ...e3.} 41. a3 $1 bxa3 42. Rxa3 Kf6 43. c5 Ke5 44. b4 {Accuracy: White = 38%, Black = 42%.} 1/2-1/2

[Event "WJCC U20 Open 2019"]
[Site "New Delhi"]
[Date "2019.10.16"]
[Round "2.17"]
[White "Karthikeyan, Murali"]
[Black "Nitish Belurkar"]
[Result "1-0"]
[WhiteElo "2617"]
[BlackElo "2311"]
[Annotator "TA"]
[PlyCount "43"]
[EventDate "2019.10.15"]
[EventType "swiss"]
[EventCountry "IND"]
[SourceTitle "playchess.com"]
[Source "ChessBase"]
[SourceQuality "1"]

{[%evp 24,53,52,49,119,122,109,106,110,106,108,105,95,-14,108,107,37,37,475,364,464,402,667,661,661,663,610,640,1416,1413,29992,29993]} 1. e4 e6 2. d4 d5 3. Nc3 Nf6 4. e5 Nfd7 5. f4 c5 6. Nf3 Nc6 7. Be3 Qb6 8. Na4 Qa5+ 9. c3 cxd4 10. b4 Nxb4 11. cxb4 Bxb4+ 12. Bd2 Bxd2+ 13. Nxd2 O-O {C11: French: Classical System: 4 e5 and 4 Bg5 dxe4} (13... b6 $14) 14. Bd3 $1 $16 b5 15. Nb2 $1 Nb6 {White is better.} 16. O-O (16. Qh5 g6 17. Qe2 Nc4 18. Nd1 {0-1 (40) Karjakin,S (2760)-Andreikin,D (2683) Moscow 2010}) 16... Nc4 17. Bxh7+ Kxh7 18. Qh5+ Kg8 {[#]} 19. Nf3 $1 $40 {[%cal Rf3g5][%mdl 128] Threatening mate with Ng5. White is out for blood.} f6 (19... Nxb2 20. Ng5 Rd8 21. Qxf7+ Kh8 22. Qh5+ Kg8 23. Qh7+ Kf8 24. Qh8+ Ke7 25. Qxg7+ Ke8 26. Qf7#) ({Black should try} 19... g6 $16 20. Qh6 Qc7) 20. exf6 {[#]} gxf6 $146 {[%mdl 8192]} (20... Qc7 $14) ({Predecessor:} 20... Qc7 21. fxg7 Qxg7 {1-0 (38) Kucza,K (2315)-Wieczorek,O (2503) Chorzow 2019}) 21. Qg6+ $18 Kh8 {[#]} 22. Nh4 {Played: Nf3-e5} 1-0

[Event "WJCC U20 Open 2019"]
[Site "New Delhi"]
[Date "2019.10.16"]
[Round "2.17"]
[White "Karthikeyan, Murali"]
[Black "Nitish Belurkar"]
[Result "*"]
[WhiteElo "2617"]
[BlackElo "2311"]
[Annotator "TA"]
[PlyCount "43"]
[EventDate "2019.10.15"]
[EventType "swiss"]
[EventCountry "IND"]
[SourceTitle "playchess.com"]
[Source "ChessBase"]
[SourceQuality "1"]

{[%evp 24,26,33,24,39]} 1. e4 e6 2. d4 d5 3. Nc3 Nf6 4. e5 Nfd7 5. f4 c5 6. Nf3 Nc6 7. Be3 Qb6 8. Na4 Qa5+ 9. c3 cxd4 10. b4 Nxb4 11. cxb4 Bxb4+ 12. Bd2 Bxd2+ 13. Nxd2 O-O {[#] C11: French: Classical System: 4 e5 and 4 Bg5 dxe4} {Predecessor:} 14. Be2 $146 d3 15. Bxd3 Qb4 16. Rb1 Qxf4 17. Nf3 Nxe5 18. Nxe5 Qxe5+ 19. Be2 Qf4 20. Nb2 Qb4+ 21. Qd2 Qxd2+ 22. Kxd2 {0-1 (52) Sadvakasov,D (2627)-Filippov,A (2620) Guangzhou 2010} *

[Event "WJCC U20 Open 2019"]
[Site "New Delhi"]
[Date "2019.10.16"]
[Round "2.18"]
[White "Aronyak Ghosh"]
[Black "Aravindh, Chithambaram VR."]
[Result "1-0"]
[WhiteElo "2380"]
[BlackElo "2609"]
[Annotator "TA"]
[PlyCount "97"]
[EventDate "2019.10.15"]
[EventType "swiss"]
[EventCountry "IND"]
[SourceTitle "playchess.com"]
[Source "ChessBase"]
[SourceQuality "1"]

{[%evp 9,97,11,19,18,6,12,22,-40,33,35,37,24,59,-10,15,-64,-42,-78,-70,-92,-80,-70,-71,-96,-108,-99,-94,-118,-68,-67,-39,-44,-47,-62,-46,-73,-73,-85,0,0,27,34,40,26,61,63,66,56,121,79,85,92,81,86,95,95,115,95,85,41,122,57,159,110,168,157,318,318,318,329,347,347,428,434,500,408,603,603,644,634,679,679,671,671,664,664,1125,462,1097,1044]} 1. c4 e5 2. Nc3 Bb4 3. Nd5 Bc5 4. b4 Bf8 5. Bb2 c6 6. Ne3 {A21: English Opening: 1...e5 2 Nc3} f6 7. a3 d5 8. g3 $146 (8. cxd5 $11 cxd5 9. d4) ({Predecessor:} 8. d4 e4 9. g3 f5 10. cxd5 cxd5 11. Nh3 Nf6 12. Bg2 g6 {½-½ (25) Kryvoruchko,Y (2640)-Vysochin,S (2529) Alushta 2011}) 8... Be6 (8... dxc4 $15 9. Qc2 b5) 9. cxd5 $14 cxd5 10. Bg2 Nc6 11. d3 (11. d4 $14) 11... Nge7 12. Rc1 (12. d4 $1 $11) 12... g6 (12... d4 $5 {[%cal Rd4e3]} 13. Nc4 g6 $15) 13. Nf3 Bh6 14. Rc2 Qb6 15. Bc1 Bg7 16. h4 h6 17. O-O O-O 18. Nd2 a5 19. bxa5 Rxa5 20. Rb2 Qa7 21. Qb3 Nd4 22. Qxb7 Nxe2+ 23. Kh2 Bf7 (23... Rc8 $17 24. Rb6 Nxc1 25. Qxa7 Rxa7 26. Rxe6 Kf7) 24. Nb1 $11 Nd4 25. Bd2 Ra6 26. Rc1 $1 Ndc6 27. Qxa7 $1 Rxa7 28. Nxd5 Rd8 ({Black should try} 28... Bxd5 $14 29. Bxd5+ Nxd5 30. Rxc6 g5) 29. Nxf6+ Bxf6 30. Bxc6 e4 31. Rb4 {aiming for Be3.} exd3 32. Bxh6 Nf5 33. Bd2 Nd4 34. Bg2 Nc2 (34... Nb3 $14) 35. Rg4 (35. Rb7 $16 Rxb7 36. Bxb7) 35... Kg7 ({Better is} 35... Nxa3 $14 36. Be3 Nxb1 37. Rxb1 (37. Bxa7 Nc3 $11) 37... Ra6) 36. h5 Re7 {[#]} (36... Rd4 $16 37. Be4 Re7) 37. Nc3 $1 $18 {[%cal Rc3e4] Hoping for Ne4.} g5 $2 (37... Re5 $16) 38. Ne4 ({Weaker is} 38. Bxg5 Bxh5 39. Bxf6+ Kxf6 $16) 38... Bxh5 39. Nxf6 ({Stronger than} 39. Bxg5 Rxe4 40. Bxf6+ Kxf6 $15) 39... Bxg4 40. Nxg4 Re2 41. Rd1 Kg6 42. Bf1 Kf5 (42... Nxa3 $142 43. Ba5 Ra8 44. Rxd3 Rxf2+ 45. Nxf2 Rxa5) 43. Bc3 {White is clearly winning.} Re6 44. Rxd3 Rxd3 45. Bxd3+ Kxg4 46. Bxc2 Kf3 47. Bd4 Re1 48. Ba4 (48. a4 $142 Rc1 49. Bb3) 48... g4 (48... Ke4 $142 49. Be3 g4) 49. Bc6+ {Accuracy: White = 56%, Black = 31%.} 1-0